000
00306nam a2200133Ia 4500
003
OSt
005
20240327104049.0
008
170523s9999 xx 000 0 und d
020
_a
978-9387273498
040
_c
IIMT
100
_a
GUPTA- S L
245
0
_a
SALES AND DISTRIBUTION MANAGEMENT
942
_2
ddc
_c
02
999
_c
10266
_d
10266